Detalles MARC
| 000 -LEADER |
| fixed length control field |
02281nam a22003017a 4500 |
| 003 - CONTROL NUMBER IDENTIFIER |
| control field |
OSt |
| 005 - DATE AND TIME OF LATEST TRANSACTION |
| control field |
20260421161809.0 |
| 008 - FIXED-LENGTH DATA ELEMENTS--GENERAL INFORMATION |
| fixed length control field |
260421b |||||||| |||| 00| 0 eng d |
| 020 ## - INTERNATIONAL STANDARD BOOK NUMBER |
| International Standard Book Number |
9586533077 |
| 037 ## - SOURCE OF ACQUISITION |
| Source of stock number/acquisition |
Donación |
| 040 ## - CATALOGING SOURCE |
| Original cataloging agency |
CO-JMCR |
| Language of cataloging |
spa |
| Transcribing agency |
CO-JMCR |
| Modifying agency |
CO-JMCR |
| Description conventions |
rda |
| 041 0# - LANGUAGE CODE |
| Language code of text/sound track or separate title |
spa |
| 082 04 - DEWEY DECIMAL CLASSIFICATION NUMBER |
| Classification number |
346.07 |
| Item number |
N16o |
| 100 1# - MAIN ENTRY--PERSONAL NAME |
| Personal name |
Narváez García, José Ignacio, |
| Dates associated with a name |
1931 - 2010 |
| Relator term |
autor |
| 9 (RLIN) |
44621 |
| 245 10 - TITLE STATEMENT |
| Title |
Obligaciones y contratos mercantiles / |
| Statement of responsibility, etc. |
José Ignacio Narváez García |
| 250 ## - EDITION STATEMENT |
| Edition statement |
Segunda |
| 264 ## - PRODUCTION, PUBLICATION, DISTRIBUTION, MANUFACTURE, AND COPYRIGHT NOTICE |
| Place of production, publication, distribution, manufacture |
Bogotá : |
| Name of producer, publisher, distributor, manufacturer |
Legis, |
| Date of production, publication, distribution, manufacture, or copyright notice |
2002 |
| 300 ## - PHYSICAL DESCRIPTION |
| Extent |
281 páginas : |
| Dimensions |
24 cm. |
| 490 0# - SERIES STATEMENT |
| Series statement |
Derecho mercantil colombiano ; |
| Volume/sequential designation |
5 |
| 500 ## - GENERAL NOTE |
| General note |
Incluye biografía |
| 504 ## - BIBLIOGRAPHY, ETC. NOTE |
| Bibliography, etc. note |
Bibliografía 279 - 281 |
| 505 2# - FORMATTED CONTENTS NOTE |
| Formatted contents note |
La autonomía privada y la libertad de contratar -- La generalización de prácticas y reglas -- Marco conceptual de la contratación mercantil -- La praxis de la contratación mercantil -- Tratos preliminares de los contratantes -- Directrices de la ley mercantil sobre obligaciones -- Teorías erigidas en preceptos -- Aplicación de normas civiles a negocios jurídicos mercantiles -- Formación, efectos, interpretación y prueba -- Anomalías en los negocios jurídicos mercantiles |
| 520 3# - SUMMARY, ETC. |
| Summary, etc. |
La vida económica contemporánea se ha acentuado con el extraordinario dinamismo y la intensidad de las actividades empresariales que hacen frente a la incesante oferta y demanda de los más variados bienes y servicios. En este entorno constantemente se configuran negocios jurídicos que generan, regulan, modifican, transforman o extinguen relaciones de contenido patrimonial.<br/><br/>Las obligaciones dominan así el mundo de la contratación que se manifiesta en múltiples figuras o modalidades, dentro de las cuales se cuentan los contratos tipo, de empresa, complejos, plurilaterales, de administración o compra de cartera, consorcio, de leasing, de underwriting, de know how, de licencia industrial, de asistencia técnica, de franquicia, de outsourcing, informáticos, electrónicos y muchos otros, en gran número atípicos en Colombia. |
| 650 #7 - SUBJECT ADDED ENTRY--TOPICAL TERM |
| Topical term or geographic name entry element |
Contratos |
| General subdivision |
Legislación |
| Geographic subdivision |
Colombia |
| Source of heading or term |
JMCR |
| 9 (RLIN) |
8894 |
| 650 #7 - SUBJECT ADDED ENTRY--TOPICAL TERM |
| Topical term or geographic name entry element |
Derecho comercial |
| General subdivision |
Legislación |
| Geographic subdivision |
Colombia |
| Source of heading or term |
JMCR |
| 9 (RLIN) |
44406 |
| 650 #7 - SUBJECT ADDED ENTRY--TOPICAL TERM |
| Topical term or geographic name entry element |
Obligaciones |
| Geographic subdivision |
Colombia |
| Source of heading or term |
JMCR |
| 9 (RLIN) |
44622 |
| 942 ## - ADDED ENTRY ELEMENTS (KOHA) |
| Source of classification or shelving scheme |
Dewey Decimal Classification |
| Koha item type |
Books |